| 000 | 00498nam a22001697a 4500 | ||
|---|---|---|---|
| 003 | NUST | ||
| 038 | _aMr. Zahoor | ||
| 082 | _a670 | ||
| 100 |
_aAhmed, Abrar _917157 |
||
| 245 |
_aStrategic Design of Multi Echelon Distribution Network _cAbrar Ahmed |
||
| 260 |
_aIslamabad : _bSMME - NUST, _c2012. |
||
| 300 |
_ax, 54 p. : ill. ; _c30cm. |
||
| 500 | _aHardcover. | ||
| 650 |
_aIndustrial and Manufacturing Engineering - MS Thesis _916206 |
||
| 700 |
_aDr. Riaz Ahmed _917158 |
||
| 942 |
_2ddc _cTHE |
||
| 999 |
_c526184 _d526184 |
||